000
00296nam a2200097Ia 4500
082
_a
741.672 BURK
245
0
_a
Fashion artist : drawing techniques to portfolio presentation
100
_a
BURKE, Sandra [Ringwood], 2003
_9
94778
942
_c
BK
008
210817s9999 xx 000 0 und d
999
_c
388799
_d
388798